000 00658nam a2200241Ia 4500
003 OSt
005 20220918200947.0
006 a|||||r|||| 00| 0
007 ta
008 220917b |||||||| |||| 00| 0 eng d
024 _a90,984
037 _cTextual
040 _aARTS
_cARTS
_beng
041 _2eng
_aeng
082 _aVv461.D, N4
100 _aKalidi Tarif
_996177
245 0 _aArabic historical thought in the classical period
260 _aCambridge
_bCUP
_c1994
490 _aCambridge studies in Islamic civilization
650 _aHISTORY
942 _hVv461.D, N4
_cTEXL
_2CC
999 _c214644
_d214644